| 000 | 00460nam a22001817a 4500 | ||
|---|---|---|---|
| 003 | NUST | ||
| 005 | 20240130081435.0 | ||
| 008 | 230327b ||||| |||| 00| 0 eng d | ||
| 020 | _a9788172453213 | ||
| 040 | _a0 | ||
| 082 | _a616.89,BHA | ||
| 100 |
_aBhardwaj, Ashwani _9111409 |
||
| 245 |
_aOvercome Stress / _cDr. Ashwani Bhardwaj |
||
| 260 |
_aNew Delhi _bGoodwill Publishing House |
||
| 300 | _a425 p | ||
| 650 |
_aStress _9120156 |
||
| 942 |
_2ddc _cBK |
||
| 999 |
_c594302 _d594302 |
||